⌚Capitales UTC+1 - Statistiques

Statistiques générales
  • Ce quiz a été pris 20 fois
    8 depuis la dernière actualisation
  • Le résultat moyen est 21 sur 47
Statistiques - réponses
Capitale % Correct
Londres
83%
Madrid
83%
Paris
83%
Berlin
67%
Bruxelles
67%
Copenhague
67%
Lisbonne
67%
Oslo
67%
Stockholm
67%
Alger
50%
Budapest
50%
Berne
50%
Ljubljana
50%
Luxembourg
50%
Niamey
50%
Rabat
50%
Rome
50%
Tunis
50%
Varsovie
50%
Vienne
50%
Zagreb
50%
Abuja
33%
Amsterdam
33%
Andorre-la-Vieille
33%
Bangui
33%
Belgrade
33%
Bratislava
33%
Brazzaville
33%
Dublin
33%
La Valette
33%
Libreville
33%
Luanda
33%
Malabo
33%
Monaco
33%
N'Djaména
33%
Podgorica
33%
Porto-Novo
33%
Prague
33%
Pristina
33%
Saint-Marin
33%
Sarajevo
33%
Skopje
33%
Tirana
33%
Vaduz
33%
Vatican
33%
Yaoundé
33%
Kinshasa
17%
Aucun quiz correspondant
Distribution des résultats
% des personnes avec chaque résultat
Percentile par nombre de réponses
Votre historique - résultats
Vous n’avez pas pris ce quiz depuis la dernière actualisation